000 00370 a2200145 4500
005 20250623134450.0
020 _a978-93259-8229-1
082 _a658.15
111 _aFINANCIAL MANAGEMENT
245 _aFINANCIAL MANAGEMENT
250 _a11th Ed
260 _aIndia,
_bVicas,
_c2015.
300 _aix, 905p.: ill.; figure, picture, table
_bIndex
_c27cm
942 _2ddc
_cBKS
999 _c4461
_d4461